• 首页
  • 本馆介绍
  • 公告通知
  • 最新文献
  • 馆藏检索
  • 电子资源
  • 读者导购
  • 参考咨询
  • 我的图书馆
  • 登录
  • 详细信息显示
  • 放入我的书架
  • 预约/预借图书
  • 作者相关作品
  • 分类相关作品
  • 丛书相关作品
  • 出版社相关作品

书目信息

  • 表格格式
  • 工作单格式
  • 卡片格式
书名: Greek society
作者: Frank J. Frost
分册号:
分册名:
出版地: Lexington, Mass. :
 
出版社: D.C. Heath
出版时间: c1987.
页数: xiv, 229 p. :
开本: 24 cm.
丛书名:
中图分类号:
科图分类号:
其他分类号: K545
主题词:
电子资源:
000 00909nam 2200301 a 4500
001 E0731913776
005 20070505085208.07
008 uu
008 00110 eng
010    @a86080505
020    @a0669110213 (pbk.).
043    @ae-gr---
049    @aN5LA
050 0  @aDF214 @b.F76 1987
082 0  @a938 @219
090    @a2-87/K125/F93/ 1987//////736799
090    @aK545
096    @aK125 @v2
099    @dK545@ex4=4
100 10 @aFrost, Frank J., @d1929-
245 10 @aGreek society / @cFrank J. Frost
250    @a3rd ed.
260 0  @aLexington, Mass. :@bD.C. Heath,@cc1987.
300    @axiv, 229 p. :@bill. ;@c24 cm.
504    @aIncludes bibliographies and index.
651  0 @aGreece @xHistory @yTo 146 B.C.
651  0 @aGreece @xHistory @y146 B.C.-323 A.D. @b00 @c20020930 @lNLC09 @h2249 @lNLC09 @h2339 @lNLC09 @h1930
852 9  @bWWJC @cJ08N @k2-87 @hK125 @iF93/1987
    
    Greek society / / Frank J. Frost.-3rd ed.-Lexington, Mass. : : D.C. Heath, , c1987.
    xiv, 229 p. : : ill. ; ; 24 cm.
    Includes bibliographies and index.
    
    ISBN 0669110213 (pbk.).
    
●
相关链接 在E读中查询图书 在五车中查询图书 在当当中查询图书 在豆瓣中查询图书


正题名:Greek society     索取号:K545/x4=4         预约/预借

序号 登录号 条形码 馆藏地/架位号 状态 备注
1 006056   300060564   第二样本阅览室/ [索取号:K545/x4=4] 在馆    
2 006057   300060573   第四借阅区/ [索取号:K545/x4=4] 在馆    
3 006058   300060582   第四借阅区/ [索取号:K545/x4=4] 在馆    
唐山师范学院图书馆 欢迎您!
大连网信软件有限公司© 版权所有